| 000 | 00709nam a2200241 i 4500 | ||
|---|---|---|---|
| 001 | 6957 | ||
| 003 | ES-MaACL | ||
| 005 | 20230906145129.0 | ||
| 007 | t| | ||
| 008 | 900713s1985 sp ||||1| spa d | ||
| 020 | _a84-345-8393-3 (v.I) | ||
| 020 | _a84-345-8394-1 (v.II) | ||
| 080 | _a612.82 | ||
| 100 | 1 |
_aSmith, Anthony ( _d1938-) _9106849 |
|
| 245 | 1 | 3 |
_aLa Mente / _cAnthony Smith. |
| 260 |
_aBarcelona : _bSalvat, _cD.L. 1985. |
||
| 300 |
_a2 v. : _bil. ; _c19 cm. |
||
| 490 | 1 |
_aBiblioteca cientÃfica Salvat ; _v21 ; 22 |
|
| 650 | 4 |
_aCerebro. _910903 |
|
| 830 | 0 |
_aBiblioteca cientÃfica Salvat ; _v21 ; 22 _9177703 |
|
| 852 |
_aES-MaACL _jL-14110-1 _bR.117700 _z. - rust. |
||
| 999 |
_c6957 _d6957 |
||